| 000 | 01509nam a2200337 ia4500 | ||
|---|---|---|---|
| 003 | OSt | ||
| 005 | 20260210145816.0 | ||
| 008 | 260210t20252025nyuao br 001 0 eng | ||
| 020 |
_a9798874504885 _cRM 137.50 _qhardback |
||
| 040 |
_aPPAK _beng _cPPAK _erda |
||
| 082 | 0 | 0 |
_223 _a599.855 |
| 090 | 0 | 4 |
_a599.855 _bWAT _dK |
| 100 | 1 |
_aWatt, Melanie E., _d1962- _eauthor. |
|
| 245 | 1 | 0 |
_aHowler Monkey / _cE. Melanie Watt |
| 264 | 1 |
_aNew York, NY : _bLightbox Learning Inc., _c[2025] |
|
| 264 | 4 | _c©2025 | |
| 300 |
_a24 pages : _bcolour photographs ; _c26 cm |
||
| 336 |
_atext _2rdacontent |
||
| 336 |
_astill image _2rdacontent |
||
| 337 |
_aunmediated _2rdamedia |
||
| 338 |
_avolume _2rdacarrier |
||
| 490 | 1 | _aAnimals OF THE Rainforest | |
| 500 | _a"AV2." CODE ON PAGE 2 --Cover | ||
| 500 | _aIncludes Holer Monkey Quiz | ||
| 500 | _aIncludes index | ||
| 505 | 0 | _aMeet the Howler Monkey -- A New World Monkey -- Social Monkeys -- Growing Up -- A Closer Look -- Lazy Days -- Staying Safe -- Finding Food -- Howler Monkey Conservation -- Howler Monkey Quiz -- Key Words/Index | |
| 520 |
_a"Each book in the Animals of the Rainforest series explores a species of animal found in tropical forests. Titles in this series examine the animal's habitat, adaptations, diet, and threats using exciting images and informative visual features"-- _cProvided by publisher. |
||
| 650 | 1 | 0 |
_aHowler monkeys _vJuvenile literature |
| 830 | 0 | _aAnimals of the rainforest | |
| 942 |
_2ddc _cB |
||
| 999 |
_c203022 _d203022 |
||